mary magdalene Lyrics (by FKA twigs) - Statistics

General Stats
  • This quiz has been taken 17 times
  • The average score is 255 of 317
Answer Stats
Answer % Correct
I
100%
Magdalene
100%
Mary
100%
you
100%
A
93%
a
93%
Come
93%
like
93%
me
93%
the
93%
to
93%
bit
87%
can
87%
closer
87%
Creature
87%
desire
87%
do
87%
fire
87%
it
87%
just
87%
Just
87%
little
87%
of
87%
True
87%
woman's
87%
as
80%
higher
80%
I'm
80%
lift
80%
needed
80%
(So
80%
So
80%
work
80%
blue
73%
cold)
73%
for
73%
hear
73%
heart
73%
is
73%
know
73%
time
73%
touch,
73%
Yes,
73%
your
73%
and
67%
collide
67%
first
67%
here
67%
herself
67%
must
67%
now
67%
open
67%
put
67%
sacred
67%
she
67%
that
67%
told
67%
what
67%
when
67%
dark
60%
didn't
60%
embrace
60%
fever
60%
heard
60%
How
60%
how
60%
If
60%
Oh,
60%
please,
60%
Step
60%
we
60%
divine
53%
doesn't
53%
geometry
53%
hands
53%
make
53%
prerogative
53%
provocative
53%
sense
53%
'til
53%
where
53%
confidence
47%
history
47%
nature
47%
stroke
47%
won't
47%
curse
40%
destroy
40%
end
40%
start,
40%
Unoccupied
40%
breath
33%
nurturing
33%
search
33%
could
27%
war
27%
No matching quizzes found
Score Distribution
Percent of People with Each Score
Percentile by Number Answered
Your Score History
You have not taken this quiz